000 00317nam a2200145Ia 4500
100 _aNone
942 _cBK
654 _aelectronics
245 _aTDM Pulse Code Modulation Transmitter Trainer-ST-2103 OM
260 _bnone
_aIndore
082 _a621.381536
300 _a64
546 _aENGLISH
999 _c34470
_d34470